000 00536nam a2200169Ia 4500
003 GCL
008 140319s9999 xx 000 0 ara d
040 _aGCL /
_cGCL
082 0 4 _a813.009
_bع د
100 1 _aعلى الراعى
245 1 0 _aدراسات فى الرواية المصرية /
_cعلى الراعى
300 _a272 ص
490 _aالهيئة العامة للاستعلامات
_v0
650 0 4 _aالقصة العربية- مصر
650 0 4 _aالقصة العربية - تاريخ ونقد
942 _2ddc
_cBK
999 _c47421
_d47421